| 000 | 00506nam a2200181Ia 4500 | ||
|---|---|---|---|
| 003 | GCL | ||
| 008 | 140319s9999 xx 000 0 ara d | ||
| 040 |
_aGCL / _cGCL |
||
| 082 | 0 | 4 |
_a928.1 _bن ح |
| 100 | 1 | _aنبيل فرج | |
| 245 | 1 | 0 |
_aحسين عفيف / _cنبيل فرج |
| 300 | _a93 ص | ||
| 490 |
_aالمكتبة الثقافية _v0 |
||
| 650 | 0 | 4 | _aالشعراء العرب |
| 650 | 0 | 4 | _aالشعر العربى - العصر الحديث |
| 650 | 0 | 4 | _aحسين عفيف |
| 942 |
_2ddc _cBK |
||
| 999 |
_c42380 _d42380 |
||